Organization and management (Record no. 5306)

MARC details
000 -LEADER
fixed length control field 00518nam a2200157Ia 4500
003 - CONTROL NUMBER IDENTIFIER
control field SGT
020 ## - INTERNATIONAL STANDARD BOOK NUMBER
International Standard Book Number 9780074515068
082 ## - DEWEY DECIMAL CLASSIFICATION NUMBER
Classification number 658
Item number AGA
100 ## - MAIN ENTRY--PERSONAL NAME
Personal name Agarwal, R. D.
245 ## - TITLE STATEMENT
Title Organization and management
260 ## - PUBLICATION, DISTRIBUTION, ETC. (IMPRINT)
Name of publisher, distributor, etc Tata McGraw Hill Education Private Limited
Place of publication, distribution, etc New Delhi
Year of Publication 2010
300 ## - PAGE DESCRIPTION
No. of Pages 708p.
650 ## - SUBJECT ADDED ENTRY--TOPICAL TERM
Topical term or geographic name as entry element MANAGEMENT
653 ## - KEYWORDS--INDEX TERM
Keyword term FUNDAMENTAL OF MANAGEMENT, THE CONCEPT,NATURE AND PROCESS OF PLANING, OBJECTIVE OF BUSINESS, DECISION MAKING, DIRECTING AND PROBLEMS IN HUMAN RELATIONS
942 ## - ADDED ENTRY ELEMENTS (KOHA)
Source of classification or shelving scheme Dewey Decimal Classification
Koha item type Books
Holdings
Withdrawn status Lost status Source of classification or shelving scheme Damaged status Not for loan Home library Current library Date acquired SGTU Total Checkouts Full call number Accession No. (Barcode) Date last seen Date last borrowed Bill Date Koha item type
    Dewey Decimal Classification     SGT Engineering Library SGT Engineering Library 02/07/2011 SGTU 1 658 AGA FE3881 04/10/2018 20/09/2018 09/02/2015 Books
    Dewey Decimal Classification     SGT Engineering Library SGT Engineering Library 02/07/2011 SGTU 2 658 AGA FE3882 18/10/2018 08/10/2018 09/02/2015 Books
    Dewey Decimal Classification     SGT Engineering Library SGT Engineering Library 02/07/2011 SGTU 2 658 AGA FE3883 26/11/2019 11/11/2019 09/02/2015 Books
    Dewey Decimal Classification     SGT Engineering Library SGT Engineering Library 02/07/2011 SGTU   658 AGA FE3884 09/02/2015   09/02/2015 Books
    Dewey Decimal Classification     SGT Engineering Library SGT Engineering Library 02/07/2011 SGTU   658 AGA FE3885 09/02/2015   09/02/2015 Books